Älteste Bundesliga Torschützen - Statistiken

Allgemein
  • Dieses Quiz wurde 211 mal gespielt
    91 seit der letzten Aktualisierung
  • Das Durchschnittsergebnis liegt bei 5 aus 26
Antwortstatistiken
# Verein Damaliges Alter Datum Nationalität Antwort % Korrekt
1 SV Werder Bremen 40 Jahre 07 Monate 15 Tage 18.05.2019 Peru/Italien Claudio Pizarro
100%
12 FC Schalke 04 37 Jahre 09 Monate 03 Tage 15.05.2021 Niederlande Klaas-Jan Huntelaar
58%
8 FC Bayern München 38 Jahre 07 Monate 30 Tage 20.11.1999 Deutschland Lothar Matthäus
41%
22 VfB Stuttgart 37 Jahre 01 Monat 25 Tage 24.05.2003 Bulgarien Krasimir Balakov
34%
2 SV Werder Bremen 40 Jahre 07 Monate 15 Tage 24.08.1996 Deutschland/Tschechien Mirko Votava
33%
17 VfL Bochum 37 Jahre 06 Monate 20 Tage 30.09.2023 Frankreich Anthony Losilla
29%
25 Bayer 04 Leverkusen 36 Jahre 11 Monate 18 Tage 25.09.2010 Finnland Sami Hyypiä
28%
3 SV Werder Bremen 39 Jahre 07 Monate 14 Tage 05.08.1989 Deutschland Manfred Burgsmüller
23%
19 VfB Stuttgart 37 Jahre 04 Monate 03 Tage 05.03.2005 Kroatien Zvonimir Soldo
23%
4 1.FC Köln 39 Jahre 06 Monate 18 Tage 04.03.1989 Dänemark Morten Olsen
22%
11 VfL Bochum 37 Jahre 11 Monate 11 Tage 19.05.2007 Deutschland/Polen Dariusz Wosz
20%
6 1.FC Nürnberg 38 Jahre 11 Monate 28 Tage 09.05.1964 Deutschland Max Morlock
20%
18 VfL Bochum 37 Jahre 05 Monate 21 Tage 17.06.1987 Deutschland Klaus Fischer
16%
10 Hannover 96 37 Jahre 11 Monate 24 Tage 21.10.2007 Deutschland Michael Tarnat
13%
16 1.FC Köln 37 Jahre 06 Monate 26 Tage 15.05.1965 Deutschland Hans Schäfer
11%
14 1.FC Saarbrücken 37 Jahre 08 Monate 04 Tage 25.02.1986 Deutschland Wolfgang Seel
11%
23 Fortuna Düsseldorf 37 Jahre 01 Monat 07 Tage 30.08.1995 Deutschland Frank Mill
8%
5 SV Waldhof Mannheim 39 Jahre 01 Tag 30.05.1987 Deutschland Günter Sebert
6%
26 FC Schalke 04 36 Jahre 11 Monate 13 Tage 09.02.2002 Deutschland Oliver Reck
6%
7 Eintracht Frankfurt 38 Jahre 08 Monate 17 Tage 23.11.1963 Deutschland Richard Kreß
6%
24 Hannover 96 37 Jahre 02 Tage 21.09.2002 Deutschland Carsten Linke
5%
21 MSV Duisburg 37 Jahre 02 Monate 29 Tage 01.11.1991 Deutschland Lothar Woelk
4%
15 VfL Bochum 37 Jahre 07 Monate 00 Tage 15.04.1987 Deutschland Michael Lameck
4%
9 Bayer 05 Uerdingen 38 Jahre 07 Monate 00 Tage 07.03.1981 Deutschland Sigfried Held
4%
13 MSV Duisburg 37 Jahre 08 Monate 30 Tage 27.08.1991 Deutschland Ewald Lienen
3%
20 1.FC Nürnberg 37 Jahre 03 Monate 22 Tage 05.06.1993 Österreich Reinhold Hintermaier
3%
Keine übereinstimmenden Quizze gefunden
Verteilung der Resultate
Anzahl Personen mit jedem Resultat
Perzentil nach korrekt beantworteten Fragen
Ihre Resultats-Entwicklung
Sie haben dieses Quiz seit der letzten Aktualisierung nicht gespielt